| 000 | 00393nam a2200157Ia 4500 | ||
|---|---|---|---|
| 008 | 230917s9999||||xx |||||||||||||| ||und|| | ||
| 020 | _cRS375 | ||
| 040 |
_e21846 _aMAIN |
||
| 041 | _aEnglish | ||
| 082 | _a361.6 P212p | ||
| 100 | _aParashar, Parmanand | ||
| 245 | 0 | _aPublic administration and welfare policies | |
| 260 |
_aNew Delhi _bSarup & Sons _c1997 |
||
| 300 | _a238 p. | ||
| 942 | _cBK | ||
| 999 |
_c97993 _d97993 |
||